Domestic energy use and carbon emissions (Record no. 105206)

MARC details
000 -LEADER
fixed length control field 01324cam a2200253 4500
001 - CONTROL NUMBER
control field ##L132663
008 - FIXED-LENGTH DATA ELEMENTS--GENERAL INFORMATION
fixed length control field 060227n2005 000 0 eng u
020 ## - INTERNATIONAL STANDARD BOOK NUMBER
International Standard Book Number 1860818935
035 ## - SYSTEM CONTROL NUMBER
System control number (Sirsi) u132663
041 0# - LANGUAGE CODE
Language code of text/sound track or separate title eng
050 04 - LIBRARY OF CONGRESS CALL NUMBER
Classification number 696.9 $2 18
100 1# - MAIN ENTRY--PERSONAL NAME
Personal name Utley, J. I.
245 00 - TITLE STATEMENT
Title Domestic energy use and carbon emissions
Remainder of title scenarios to 2050
260 ## - PUBLICATION, DISTRIBUTION, ETC.
Place of publication, distribution, etc. Watford
Name of publisher, distributor, etc. BRE
Date of publication, distribution, etc. 2005
300 ## - PHYSICAL DESCRIPTION
Extent 6p.
Other physical details ill
Dimensions 30cm.
490 #0 - SERIES STATEMENT
Series statement BRE Information Paper
Volume/sequential designation IP 16/05
520 ## - SUMMARY, ETC.
Summary, etc. Describes five scenarios for energy consumption and carbon emissions from the domestic sector up to 2050. Although traditional energy efficiency measures are examined, the paper also introduces low carbon technologies. These include the use of solar panels, photovoltaics and increased low carbon electricity generation from the national grid. A summary of the costs and savings of each of the scenarios is provided and overall it is found that the cumulative savings outweigh the costs by about 2012. It is found that each scenario would be cost-effective to society as a whole.
590 ## - LOCAL NOTE (RLIN)
Local note IKA280206
651 #4 - SUBJECT ADDED ENTRY--GEOGRAPHIC NAME
Geographic name United Kingdom
Chronological subdivision
690 ## - LOCAL SUBJECT ADDED ENTRY--TOPICAL TERM (OCLC, RLIN)
Topical term or geographic name as entry element ENVIRONMENTAL AND LAND CONSULTANCY-ENERGY-ENERGY USE-ENERGY EFFICIENCY
700 1# - ADDED ENTRY--PERSONAL NAME
Personal name Shorrock, L. D.
710 2# - ADDED ENTRY--CORPORATE NAME
Corporate name or jurisdiction name as entry element Department for Environment, Food and Rural Affairs
9 (RLIN) 4094
942 ## - ADDED ENTRY ELEMENTS (KOHA)
Suppress in OPAC 0
Holdings
Withdrawn status Lost status Source of classification or shelving scheme Damaged status Not for loan Home library Current library Shelving location Date acquired Total Checkouts Full call number Barcode Date last seen Copy number Price effective from Koha item type
    Dewey Decimal Classification     London London BRE publications 27/02/2006   ENQUIRY DESK 30071940 06/08/2019 1 06/08/2019 Book